| 000 | 01662nam a2200385 c 4500 | ||
|---|---|---|---|
| 003 | BLK | ||
| 005 | 20250211152936.0 | ||
| 008 | 180409b bul|||||r ||||||| ||bul|| | ||
| 010 | _aKNG00112552000 | ||
| 020 |
_a954-585-529-0 _bиздат.: Бард |
||
| 040 | _aBLK | ||
| 041 |
_aBUL _cBUL |
||
| 080 |
_aПаметници на културата на историческите периоди. Археологическите паметници. Старини _b904 _x(100)(02.062) _z904(100)(02.062) |
||
| 100 | 1 |
_aШох, Робърт М. _eпърви автор _9144088 |
|
| 700 | 1 |
_aДимитрова, Мариана Александрова _eпрев. от англ. _9365662 |
|
| 139 |
_aШох, Робърт М. _bШ 90 |
||
| 245 | 1 | 0 |
_aЦивилизации и пирамиди _cРобърт М. Шох; прев. от англ. Мариана Александрова Димитрова. |
| 257 | _aUSA | ||
| 260 |
_аСофия _bБард _c2003 |
||
| 300 |
_a304 с. _c21 см |
||
| 380 | _a9 | ||
| 490 | 1 | _aПоредица Загадки и мистерии | |
| 500 | _aОриг. загл. Voyages of the Piramid Builders / Robert M. Schoch, Ph.D. - Съдържа и Ново датиране на Сфинкса от Гиза. | ||
| 650 | 4 |
_aПирамиди _9166308 |
|
| 653 | _aцивилизации | ||
| 653 | _aпирамиди | ||
| 653 | _aНЛО | ||
| 653 | _aархеологически паметници | ||
| 852 | _aЦб 219150 | ||
| 856 | 4 |
_qpdf _u |
|
| 856 | 4 |
_qpdf _u |
|
| 942 |
_cKNG _n0 _05 |
||
| 944 |
_aCR _c23.04.2004 _lЦветелина Шанова _k30531 |
||
| 944 |
_aED _c25.11.2011 _lф / _k |
||
| 999 |
_c107275 _d107275 |
||